Memoria Gratiaque: homenaje a Diego F. Pro en sus 75 años
Tallennettuna:
| Aineistotyyppi: | Kirja |
|---|---|
| Kieli: | espanja |
| Julkaistu: |
Mendoza
Universidad Nacional de Cuyo
1990
|
| Aiheet: | |
| Tagit: |
Lisää tagi
Ei tageja, Lisää ensimmäinen tagi!
|
MARC
| LEADER | 00000nam a2200000 a 4500 | ||
|---|---|---|---|
| 001 | UCY5055 | ||
| 003 | CL-VaPUC | ||
| 008 | 950411e19900000AG |||||||||||||||||spa|d | ||
| 082 | 0 | 4 | |a 199.82 |b MEM |2 21 |
| 245 | 1 | 0 | |a Memoria Gratiaque: homenaje a Diego F. Pro en sus 75 años |
| 300 | |a 384 p | ||
| 942 | |c BK | ||
| 945 | |d 19950411 00:00:00 |a rbrito | ||
| 260 | |a Mendoza |b Universidad Nacional de Cuyo |c 1990 | ||
| 600 | 0 | 7 | |a PRO, DIEGO F |2 CL-VaPUC |9 333642 |
| 650 | 0 | |a Crítica e interpretación |9 255042 | |
| 583 | |a last modification |c 19950411 00:00:00 |k Rodrigo Vera | ||
| 999 | |c 232784 |d 232782 | ||
| 952 | |0 0 |1 0 |4 0 |6 199_820000000000000_MEM_1990 |7 0 |8 P |9 237661 |a BIBEDU |b BIBEDU |c BIBEDU_PB |d 2019-11-15 |i 3076520 |o 199.82 MEM 1990 |p 3076520 |r 2024-01-25 |w 2019-11-15 |y BK |k FIL | ||
| 952 | |0 0 |1 0 |4 0 |6 199_820000000000000_MEM_1990 |7 0 |8 P |9 237662 |a BIBEDU |b BIBEDU |c BIBEDU_PB |d 2019-11-15 |i 3490963 |o 199.82 MEM 1990 |p 3490963 |r 2024-01-25 |w 2019-11-15 |y BK |k FIL | ||